Croatian 1990s Music Quiz: Name the Artist - Statistics

General Stats
  • This quiz has been taken 28 times
  • The average score is 17 of 30
Answer Stats
Song Release Date Artist % Correct
Cesarica 1993 Oliver Dragojević
100%
Tek je 12 sati 1993 ET
95%
Prijateljice 1998 Severina
90%
Afrika 1997 Dino Dvornik
86%
Zlatne godine 1993 Gibonni
81%
Benzina 1995 Massimo
81%
Prodala me ti 1999 Boris Novković
76%
Lipa si, lipa 1999 Goran Karan
76%
Volim i postojim 1997 Petar Grašo
76%
Vatra i led 1997 Colonia
71%
Iza ponoći 1996 Ella
71%
Suze biserne 1996 Magazin
71%
Da je slađe zaspati 1998 Danijela
62%
E, moj druže Beogradski 1992 Jura Stublić & Film
62%
Korak po korak 1996 Prljavo Kazalište
62%
Vino noći 1993 Neno Belan
57%
Jedini 1995 Doris Dragović
52%
Divno je biti nekome nešto 1993 Latino
52%
Malena 1998 Sandi Cenov
52%
Prah i pepeo 1997 Tony Cetinski
52%
A ti još plačeš 1996 Majke
43%
Koliko suza za malo sna 1999 Jinx
38%
Nisi me bio vrijedan 1996 Mandi
38%
Nije mi svejedno 1999 Nina Badrić
38%
Metak (Kad će taj petak) 1994 Vlatka Pokos
38%
Zovem prijatelje moje 1997 Giuliano
33%
Pustite me da je volim 1999 Ivan Mikulić
33%
Navigator 1998 I Bee
24%
Ljubav je tu 1996 E.N.I.
5%
Ja živim za tebe 1996 Maja Blagdan
5%
No matching quizzes found
Score Distribution
Percent of People with Each Score
Percentile by Number Answered
Your Score History
You have not taken this quiz